000 00472nam a2200169Ia 4500
008 180921t2016 xxu||||| |||| 00| 0 sin d
041 _asin
080 _a294.3
_bGNA
100 _aGnananda Himi,Kiribathgoda
245 _aකොහොමද පිහිට ලැබගන්නේ
246 _aKohomada Pihita Leba Ganne
260 _bMahamegha
_aPolgahawela
_c2016
300 _b113p, 22cm
942 _cBK
999 _c1904
_d1904
003 LK-CoDNM
040 _aLK-CoDNM
_dLK-CoDNM
_eLK-CoDNM